خطوط توجيهية بشأن تنظيم وتفعيل برامج التدريب وإجراءات منح الشهادات للقائمين بتشغيل أجهزة استخدام مبيدات الآفات/ (Record no. 25546)
[ view plain ]
| 000 -LEADER | |
|---|---|
| fixed length control field | 00850cam a2200193Ia 4500 |
| 001 - CONTROL NUMBER | |
| control field | u17676 |
| 003 - CONTROL NUMBER IDENTIFIER | |
| control field | SIRSI |
| 008 - FIXED-LENGTH DATA ELEMENTS--GENERAL INFORMATION | |
| fixed length control field | 050929s2004 it 000 0 ara d |
| 020 ## - INTERNATIONAL STANDARD BOOK NUMBER | |
| International Standard Book Number | 925604725x |
| 040 ## - CATALOGING SOURCE | |
| Original cataloging agency | EAL |
| 041 ## - LANGUAGE CODE | |
| Language code of text/sound track or separate title | ara |
| 050 ## - LIBRARY OF CONGRESS CALL NUMBER | |
| Classification number | ORG SB601 |
| Item number | k58 2004 |
| 245 10 - TITLE STATEMENT | |
| Title | خطوط توجيهية بشأن تنظيم وتفعيل برامج التدريب وإجراءات منح الشهادات للقائمين بتشغيل أجهزة استخدام مبيدات الآفات/ |
| Statement of responsibility, etc. | منظمة الأغذية والزراعة للأمم المتحدة. |
| 260 ## - PUBLICATION, DISTRIBUTION, ETC. | |
| Place of publication, distribution, etc. | روما: |
| Name of publisher, distributor, etc. | منظمة الأغذية والزراعة للمم المتحدة, |
| Date of publication, distribution, etc. | 2004. |
| 300 ## - PHYSICAL DESCRIPTION | |
| Extent | viii,15ص: |
| Dimensions | 24سم. |
| 504 ## - BIBLIOGRAPHY, ETC. NOTE | |
| Bibliography, etc. note | يحتوي على قائمة ببليوجرافية بالمراجع |
| 596 ## - | |
| -- | 1 |
| 942 ## - ADDED ENTRY ELEMENTS (KOHA) | |
| Koha item type | Books |
| Source of classification or shelving scheme | Library of Congress Classification |
| Withdrawn status | Lost status | Source of classification or shelving scheme | Damaged status | Not for loan | Home library | Current library | Date acquired | Total Checkouts | Full call number | Barcode | Date last seen | Copy number | Price effective from | Koha item type |
|---|---|---|---|---|---|---|---|---|---|---|---|---|---|---|
| Library of Congress Classification | Main | Main | 02/20/2018 | ORG SB601 K58 2004 | 31260-1001 | 02/20/2018 | 1 | 02/20/2018 | Books |